Programa, tesis, estatutos

محفوظ في:
التفاصيل البيبلوغرافية
مؤلف مشترك: Partido Vanguardia Popular (Costa Rica)
التنسيق: نص
منشور في: San José: PVP
الموضوعات:
الوسوم: إضافة وسم
لا توجد وسوم, كن أول من يضع وسما على هذه التسجيلة!

MARC

LEADER 00000 a a2200000 04500
001 15252
003
040
090 |a 021300  
110 |a Partido Vanguardia Popular (Costa Rica)  
245 |a Programa, tesis, estatutos  
260 |a San José:   |b PVP  
300 |a 47 p.  
650 |a PARTIDOS POLITICOS  
999 |c 10005  |d 10005